[Event "34th Chess Olympiad (women)"]
[Site "Istanbul"]
[Date "2000.11.04"]
[Round "7.20.1"]
[White "Licina, Anita"]
[Black "Ostry, Irina"]
[WhiteElo "2200"]
[BlackElo "2238"]
[WhiteCountry "SLO"]
[BlackCountry "KGZ"]
[Result "1/2-1/2"]

1. e4 c5 2. Nf3 e6 3. d4 cxd4 4. Nxd4 a6 5. Nd2 Nc6 6. Nxc6 bxc6 7. e5 Qa5 
8. Qe2 f6 9. f4 d5 10. exd6 Bxd6 11. c3 Qc7 12. Nc4 Ne7 13. Qd2 Bc5 14. b4 Ba7 
15. Nd6+ Kf8 16. c4 Nf5 17. Nxf5 exf5 18. c5 a5 19. a3 Be6 20. Be2 Kf7 
21. Qc3 Bd5 22. O-O Rhd8 23. Bb2 Kg8 24. Bd3 Qd7 25. Rad1 axb4 26. axb4 Bb8 
27. Bc4 Bc7 28. b5 Qf7 29. Bxd5 Rxd5 30. Rxd5 Qxd5 31. b6 Bd8 32. Qd4 Qxd4+ 
33. Bxd4 Be7 34. Rb1 Kf7 35. Kf1 Ke6 36. Be3 Kd7 37. Ke2 Ra2+ 38. Bd2 Kc8 
39. Rc1 Kb7 40. Kd3 Rb2 41. g3 Kc8 42. h4 Rb5 43. Be3 Rb3+ 44. Kd4 Ra3 
45. Bf2 Ra2 46. Be1 Ra4+ 47. Kd3 Kb7 48. Rc2 Kc8 49. Bf2 Ra5 50. Kc4 Ra4+ 
51. Kb3 Ra5 52. Kb4 Ra6 53. Kb3 Ra5 54. Bd4 h5 55. Rc3 Kb7 56. Kb4 Ra6 
57. Re3 Bf8 58. Kb3 Ra5 59. Kb4 Ra6 60. Re8 Ra8 61. Re6 Ra6 62. Bxf6 gxf6 
63. Rxf6 Bxc5+ 64. Kxc5 Ra5+ 65. Kb4 Kxb6 66. Rh6 Ra1 67. Rxh5 Rg1 68. Rg5 c5+ 
69. Kc4 Rc1+ 70. Kb3 Rg1 71. h5 Kb5 72. h6 Rb1+ 73. Kc2 Rh1 74. Rxf5 Rxh6 
75. Re5 Kc4 76. Re2 Rg6 77. Rg2 Rg4 78. f5 Kd5 79. f6 Ke6 80. Rf2 Kf7 
81. Rf3 Rg6 
1/2-1/2

[Event "34th Chess Olympiad (women)"]
[Site "Istanbul"]
[Date "2000.11.04"]
[Round "7.20.2"]
[White "Sabirova, S"]
[Black "Mihevc Mohr, Narcisa"]
[WhiteElo "2131"]
[BlackElo "2170"]
[WhiteCountry "KGZ"]
[BlackCountry "SLO"]
[Result "1/2-1/2"]

1. d4 Nf6 2. c4 g6 3. Nc3 Bg7 4. e4 d6 5. Nge2 O-O 6. Ng3 c6 7. Be2 e5 
8. d5 Na6 9. Bg5 Nc7 10. Qd2 cxd5 11. cxd5 Bd7 12. a4 a5 13. h4 Qb8 14. h5 b5 
15. axb5 Bxb5 16. Nxb5 Nxb5 17. Bxf6 Bxf6 18. Rxa5 Rxa5 19. Qxa5 Nd4 
20. Qd2 Rc8 21. Bd1 Qb5 22. Rh3 Rb8 23. hxg6 fxg6 24. Ne2 Nxe2 25. Bxe2 Qxb2 
26. Qxb2 Rxb2 27. Ra3 Bg5 28. Ra8+ Kf7 29. Ra7+ Be7 
1/2-1/2

[Event "34th Chess Olympiad (women)"]
[Site "Istanbul"]
[Date "2000.11.04"]
[Round "7.20.3"]
[White "Krivec, Jana"]
[Black "Korsakova, Tatiana"]
[WhiteElo "2199"]
[BlackElo "2035"]
[WhiteCountry "SLO"]
[BlackCountry "KGZ"]
[Result "1-0"]

1. e4 c5 2. Nf3 Nc6 3. d4 cxd4 4. Nxd4 e5 5. Nb5 a6 6. Nd6+ Bxd6 7. Qxd6 Qf6 
8. Qd1 Qg6 9. Nc3 Nge7 10. Be3 O-O 11. Qd2 b5 12. O-O-O b4 13. Na4 Qxe4 
14. Bd3 Qg4 15. Nb6 Rb8 16. f3 Qe6 17. Bc4 Qg6 18. h4 a5 19. h5 Qf5 20. g4 Qxf3 
21. Rdf1 Qg3 22. h6 g6 23. Rhg1 Qh3 24. Qf2 Rxb6 25. Bxf7+ 
1-0

[Event "34th Chess Olympiad (women)"]
[Site "Istanbul"]
[Date "2000.11.04"]
[Round "7.21.1"]
[White "Arribas, Maritza"]
[Black "Buervenich, Silvia"]
[WhiteElo "2300"]
[BlackElo "2201"]
[WhiteCountry "CUB"]
[BlackCountry "SWE"]
[Result "0-1"]

1. d4 Nf6 2. c4 c5 3. d5 b5 4. cxb5 a6 5. bxa6 g6 6. Nc3 Bxa6 7. g3 d6 
8. Nf3 Nbd7 9. Bg2 Bg7 10. O-O Nb6 11. Re1 O-O 12. Rb1 Bc4 13. e4 Bxa2 
14. Nxa2 Rxa2 15. Bd2 Ng4 16. Qb3 Ra7 17. Bc3 Bxc3 18. bxc3 Nd7 19. h3 Nge5 
20. Nxe5 Nxe5 21. f4 c4 22. Qc2 Nd3 23. Re2 Qc7 24. Bf1 Rfa8 25. Rd2 Ra1 
26. Bxd3 cxd3 27. Qxd3 Qb6+ 
0-1

[Event "34th Chess Olympiad (women)"]
[Site "Istanbul"]
[Date "2000.11.04"]
[Round "7.21.2"]
[White "Johansson, Victoria"]
[Black "Ramon, Vivian"]
[WhiteElo "2152"]
[BlackElo "2294"]
[WhiteCountry "SWE"]
[BlackCountry "CUB"]
[Result "0-1"]

1. d4 Nf6 2. c4 c5 3. d5 e5 4. Nc3 d6 5. e4 Be7 6. Bd3 O-O 7. Nge2 Ne8 
8. g3 Bg5 9. Bxg5 Qxg5 10. Qd2 Qxd2+ 11. Kxd2 a6 12. a3 Nd7 13. b4 Nc7 
14. f4 f6 15. Na4 b5 16. Nb2 Rb8 17. Rab1 Rd8 18. Nc3 Kf8 19. Be2 Ke7 
20. Rhf1 cxb4 21. axb4 Rb7 22. Rf3 Rf8 23. Rd3 a5 24. Nxb5 axb4 25. Na4 Na6 
26. Ke3 Ndc5 27. Nxc5 Nxc5 28. Rd2 b3 29. Bd1 g6 30. Bxb3 Nxe4 31. Ra2 Nc5 
32. Bc2 Bd7 33. Ra7 Rfb8 34. Rxb7 Rxb7 35. fxe5 fxe5 36. Nc3 Rxb1 37. Bxb1 Bh3 
0-1

[Event "34th Chess Olympiad (women)"]
[Site "Istanbul"]
[Date "2000.11.04"]
[Round "7.21.3"]
[White "Pina, Sulennis"]
[Black "Andersson, Christin"]
[WhiteElo "2312"]
[BlackElo "2096"]
[WhiteCountry "CUB"]
[BlackCountry "SWE"]
[Result "1-0"]

1. e4 e6 2. Qe2 Nc6 3. Nf3 Be7 4. d3 d5 5. g3 Nf6 6. Bg2 O-O 7. O-O b6 
8. e5 Nd7 9. h4 a5 10. Bf4 Bb7 11. Nbd2 Nc5 12. Rfe1 f6 13. d4 fxe5 
14. Bxe5 Nxe5 15. Nxe5 Na4 16. b3 Nc3 17. Qd3 Bb4 18. a3 Ba6 19. Qe3 Ne2+ 
20. Rxe2 Bxe2 21. axb4 Bh5 22. b5 Qd6 23. Re1 Rae8 24. Bf1 Rf6 25. Bd3 Ref8 
26. Rf1 Be8 27. Ndf3 h6 28. Nh2 Qb4 29. Nhg4 Rf5 30. Bxf5 exf5 31. Nd3 Qd6 
32. Nge5 Bxb5 33. Re1 a4 34. bxa4 Bxa4 35. c3 Bb5 36. Nf4 Be8 37. h5 c5 
38. Neg6 Bxg6 39. Nxg6 cxd4 40. Qxd4 Ra8 41. Re7 Qf6 42. Qxd5+ 
1-0

[Event "34th Chess Olympiad (women)"]
[Site "Istanbul"]
[Date "2000.11.04"]
[Round "7.22.1"]
[White "Pokorna, Regina"]
[Black "Mateus, Martha"]
[WhiteElo "2363"]
[BlackElo "2318"]
[WhiteCountry "SVK"]
[BlackCountry "COL"]
[Result "1-0"]

1. e4 c5 2. Nc3 a6 3. g3 b5 4. Bg2 Bb7 5. d3 e6 6. Nh3 Nc6 7. O-O Nge7 
8. f4 Nd4 9. Ne2 d5 10. c3 Nxe2+ 11. Qxe2 Qb6 12. f5 exf5 13. exd5 O-O-O 
14. c4 h5 15. Ng5 Qg6 16. Qf2 Kb8 17. Bf4+ Ka8 18. d6 Nc8 19. Bxb7+ Kxb7 
20. Qf3+ Kb6 21. cxb5 axb5 22. b4 Bxd6 23. Bxd6 Nxd6 24. bxc5+ Kxc5 
25. Qe3+ Kc6 26. Rac1+ Kb7 27. Qe7+ Ka8 28. Rc6 Nc8 29. Qa3+ 
1-0

[Event "34th Chess Olympiad (women)"]
[Site "Istanbul"]
[Date "2000.11.04"]
[Round "7.22.2"]
[White "Palao, Maricela"]
[Black "Hagarova, Zuzana"]
[WhiteElo "2159"]
[BlackElo "2321"]
[WhiteCountry "COL"]
[BlackCountry "SVK"]
[Result "0-1"]

1. d4 Nf6 2. c4 g6 3. Nc3 Bg7 4. Nf3 O-O 5. Bf4 d6 6. h3 Nfd7 7. e3 Nc6 
8. Be2 e5 9. Bh2 Re8 10. O-O b6 11. a3 Bb7 12. b4 a6 13. Rc1 h6 14. Re1 Kh7 
15. Na4 exd4 16. exd4 b5 17. cxb5 axb5 18. Nc3 Ne7 19. Qb3 Rf8 20. Nxb5 Nd5 
21. Bc4 N7b6 22. Bd3 Qd7 23. Be2 Rfe8 24. Nc3 Nxc3 25. Qxc3 Re7 26. Bd1 Rae8 
27. Rxe7 Rxe7 28. Bg3 Qf5 29. Bh4 Rd7 30. a4 Nd5 31. Qd2 Nf4 32. Ne1 Nxh3+ 
33. Kh2 Ng5 34. Bxg5 hxg5 35. Rc3 Re7 36. Bf3 Bxf3 37. Rxf3 Qd5 38. Nc2 g4 
39. Rd3 Bh6 40. Qd1 Qe4 41. a5 Kg7 42. Kg1 Re8 43. Rc3 Bf4 44. Qd3 Qd5 
45. Qc4 Qh5 46. g3 Rh8 47. Qc6 d5 48. Kf1 Qh1+ 49. Ke2 Qe4+ 50. Ne3 Qf3+ 
0-1

[Event "34th Chess Olympiad (women)"]
[Site "Istanbul"]
[Date "2000.11.04"]
[Round "7.22.3"]
[White "Mrvova, Alena"]
[Black "Ortiz, Nadya"]
[WhiteElo "2231"]
[BlackElo "2000"]
[WhiteCountry "SVK"]
[BlackCountry "COL"]
[Result "1/2-1/2"]

1. e4 e5 2. Nf3 Nc6 3. Bb5 Bc5 4. O-O Nf6 5. c3 O-O 6. d4 Bb6 7. Re1 d6 
8. h3 h6 9. Be3 Bd7 10. d5 Ne7 11. Bxd7 Qxd7 12. c4 Ng6 13. Nc3 Rae8 
14. Nh2 Nh7 15. Nf1 f5 16. exf5 Qxf5 17. Ng3 Qd7 18. Nce4 Nf4 19. b4 Nf6 
20. Qb3 Bxe3 21. Rxe3 Kh8 22. Rae1 Qf7 23. Nxf6 gxf6 24. Ne2 Nxe2+ 25. R1xe2 f5 
26. Qb2 f4 27. Ra3 Rg8 28. Rf3 Rg7 29. g3 Qh5 30. Kg2 Reg8 31. Re1 Qh4 
32. Qc3 h5 33. Kh2 Qg5 34. Qd3 Qf6 35. Qe4 Qg5 36. Qd3 Qf6 37. Kg2 Rg5 
38. Kf1 Qg7 39. g4 Rf8 40. gxh5 Rg1+ 41. Ke2 e4 42. Qxe4 Qb2+ 43. Kd3 Qa3+ 
44. Kd4 Qb2+ 45. Kd3 Qa3+ 46. Kd4 Qb2+ 47. Kd3 
1/2-1/2

[Event "34th Chess Olympiad (women)"]
[Site "Istanbul"]
[Date "2000.11.04"]
[Round "7.23.1"]
[White "Agosto, Erika"]
[Black "Ratcu, Tatiana"]
[WhiteElo "2036"]
[BlackElo "2240"]
[WhiteCountry "ITA"]
[BlackCountry "BRA"]
[Result "0-1"]

1. e4 c5 2. Nf3 e6 3. d4 cxd4 4. Nxd4 a6 5. Nc3 d6 6. Be2 Nf6 7. Be3 Be7 
8. O-O Qc7 9. f4 b5 10. Bf3 Bb7 11. a3 Nbd7 12. Nb3 O-O 13. Qe1 Rac8 
14. Qg3 Rfe8 15. Rad1 Bf8 16. h4 Ba8 17. h5 d5 18. exd5 Nxd5 19. Nxd5 Bxd5 
20. Bd4 f6 21. Bxd5 exd5 22. Rd2 Re4 23. Qf3 Rce8 24. Nc1 Nb6 25. c3 Nc4 
26. Rdf2 Bc5 27. Bxc5 Qxc5 28. Nd3 Qb6 29. Kh1 d4 30. cxd4 Qxd4 31. Rd1 Re3 
32. Qc6 Rd8 33. Rf3 Rxf3 34. Qxf3 Ne3 35. Rd2 Nc4 36. Rd1 Ne3 37. Rd2 f5 
38. Re2 Ng4 39. Rd2 Qe4 40. Rd1 Rxd3 
0-1

[Event "34th Chess Olympiad (women)"]
[Site "Istanbul"]
[Date "2000.11.04"]
[Round "7.23.2"]
[White "Ribeiro, Regina"]
[Black "Arnetta, Marianna"]
[WhiteElo "2104"]
[BlackElo "2081"]
[WhiteCountry "BRA"]
[BlackCountry "ITA"]
[Result "1-0"]

1. Nf3 d5 2. d4 Nf6 3. Bg5 e6 4. e3 c5 5. c3 cxd4 6. exd4 Be7 7. Nbd2 h6 
8. Bh4 O-O 9. Bd3 Nc6 10. O-O Nd7 11. Bxe7 Qxe7 12. Re1 b6 13. Qe2 Bb7 
14. Rad1 Rfe8 15. Nf1 Rad8 16. Ng3 e5 17. dxe5 Ndxe5 18. Nxe5 Nxe5 19. Bb5 Bc6 
20. Bxc6 Nxc6 21. Qd2 Qd7 22. Rxe8+ Qxe8 23. Nf5 Qe4 24. Nd4 Nxd4 25. Qxd4 Qe2 
26. Qd2 Qc4 27. b3 Qc5 28. g3 Rc8 29. Qxd5 Qxc3 30. Qf5 Qc2 31. Rd8+ 
1-0

[Event "34th Chess Olympiad (women)"]
[Site "Istanbul"]
[Date "2000.11.04"]
[Round "7.23.3"]
[White "Arnetta, Maria"]
[Black "Chaves, Joara"]
[WhiteElo "2000"]
[BlackElo "2057"]
[WhiteCountry "ITA"]
[BlackCountry "BRA"]
[Result "1-0"]

1. e4 e5 2. Nf3 Nc6 3. Bc4 Bc5 4. c3 Nf6 5. d3 d6 6. Nbd2 h6 7. Nf1 Ne7 
8. Ne3 c6 9. Bb3 Qc7 10. O-O Be6 11. Bxe6 fxe6 12. d4 exd4 13. cxd4 Bb6 
14. e5 dxe5 15. dxe5 Rd8 16. Qa4 Nfd5 17. Qg4 Nxe3 18. Bxe3 Bxe3 19. fxe3 Qb6 
20. Nd4 Rxd4 21. exd4 Nf5 22. Qg6+ Ke7 23. Rxf5 exf5 24. Qxg7+ Ke6 
25. Qxh8 Qxd4+ 26. Kh1 Kd5 
1-0

[Event "34th Chess Olympiad (women)"]
[Site "Istanbul"]
[Date "2000.11.04"]
[Round "7.24.1"]
[White "Berezina, Irina"]
[Black "Burijovich, Liliana"]
[WhiteElo "2304"]
[BlackElo "2182"]
[WhiteCountry "AUS"]
[BlackCountry "ARG"]
[Result "1-0"]

1. d4 Nf6 2. c4 g6 3. Nc3 Bg7 4. e4 d6 5. Nf3 O-O 6. Be2 e5 7. d5 a5 8. O-O Na6 
9. Bg5 h6 10. Be3 Ng4 11. Bc1 f5 12. Ne1 Nf6 13. f3 Nc5 14. Qc2 f4 15. b3 g5 
16. a3 h5 17. h3 Rf7 18. Rb1 Bf8 19. b4 Ncd7 20. Nd3 Rg7 21. Nf2 Nh7 
22. Bb2 Ndf6 23. Qd1 axb4 24. axb4 g4 25. fxg4 hxg4 26. hxg4 Be7 27. Nb5 Ne8 
28. c5 Bh4 29. Ra1 Rxa1 30. Bxa1 Bg3 31. Nh3 Qh4 32. cxd6 cxd6 33. Qc2 Bd7 
34. Nc7 Nxc7 35. Qxc7 Ng5 36. Qd8+ Kh7 37. Nxg5+ Qxg5 38. Qxg5 Rxg5 39. Rc1 Rg7 
40. Rc7 Ba4 41. Rc8 Kg6 42. b5 Be1 43. Bc3 Bh4 44. Ba5 Rd7 45. Kf1 Rh7 
46. Rc7 Be7 47. Kf2 Bh4+ 48. Kf3 Re7 49. Rc8 Rd7 50. Re8 Be7 51. Rc8 Bh4 
52. Bc7 Be1 53. b6 Bb4 54. Ra8 Bc2 55. Ra2 Bb3 56. Rb2 
1-0

[Event "34th Chess Olympiad (women)"]
[Site "Istanbul"]
[Date "2000.11.04"]
[Round "7.24.2"]
[White "Hernandez, Penna Sabina"]
[Black "Phan-Koshnitsky, Ngan"]
[WhiteElo "2141"]
[BlackElo "2157"]
[WhiteCountry "ARG"]
[BlackCountry "AUS"]
[Result "1-0"]

1. e4 c5 2. Nf3 Nc6 3. d4 cxd4 4. Nxd4 Nf6 5. Nc3 e5 6. Ndb5 d6 7. Bg5 a6 
8. Na3 b5 9. Nd5 Be7 10. Bxf6 Bxf6 11. c3 Bg5 12. Qf3 Ne7 13. Nxe7 Qxe7 
14. Bd3 O-O 15. h4 Bh6 16. g4 Bf4 17. Nc2 Bb7 18. Nb4 f5 19. gxf5 Rxf5 
20. Qg4 Rf6 21. Nd5 Bxd5 22. exd5 e4 23. Be2 Raf8 24. a4 Rg6 25. Qh3 e3 
26. f3 Bg3+ 27. Kd1 Qe5 28. Kc2 Bf2 29. axb5 axb5 30. Rhd1 b4 31. cxb4 Qf4 
32. h5 Rgf6 33. Qg4 Qe5 34. Qe4 Qxh5 35. Rh1 Qf5 36. b5 Qc8+ 37. Kb3 g6 
38. Ra7 h5 39. Rxh5 R8f7 40. Rxf7 Kxf7 41. Rh7+ Kg8 42. Qe7 Qf8 43. b6 Qd8 
1-0

[Event "34th Chess Olympiad (women)"]
[Site "Istanbul"]
[Date "2000.11.04"]
[Round "7.24.3"]
[White "Dekic, Biljana N"]
[Black "Zuriel, Marisa"]
[WhiteElo "2104"]
[BlackElo "2089"]
[WhiteCountry "AUS"]
[BlackCountry "ARG"]
[Result "0-1"]

1. e4 c5 2. Nf3 d6 3. d4 cxd4 4. Nxd4 Nf6 5. Nc3 a6 6. Bg5 e6 7. f4 Be7 
8. Qf3 Qc7 9. O-O-O Nbd7 10. g4 b5 11. Bxf6 Nxf6 12. g5 Nd7 13. h4 b4 
14. Na4 Bb7 15. Bg2 Qa5 16. b3 Nc5 17. Rhe1 Nxa4 18. bxa4 Qxa4 19. Qb3 Qxb3 
20. axb3 Rc8 21. Ne2 Rc5 22. Rg1 O-O 23. Kb2 Rfc8 24. Rd2 g6 25. Kb1 Bf8 
26. Nc1 a5 27. Nd3 Rc3 28. h5 Ba6 29. Bf1 Bxd3 30. Bxd3 Bg7 31. hxg6 hxg6 
32. Rgd1 Bf8 33. Rh2 Rd8 34. f5 exf5 35. exf5 gxf5 36. Bxf5 Bg7 37. Rf1 Be5 
38. Rh5 a4 39. bxa4 Ra3 40. c3 Bxc3 41. Kc2 Rxa4 42. g6 Ra2+ 43. Kd3 Rd2+ 
44. Kc4 d5+ 45. Kb5 Rd6 46. gxf7+ Kxf7 47. Rh7+ Kf8 48. Be6+ Ke8 49. Bf7+ Kd8 
50. Kc5 Rd7 51. Bg6 Rxh7 52. Bxh7 Ke7 53. Bg8 d4 54. Bc4 Rh2 55. Rf7+ Ke8 
56. Rb7 Rh6 57. Bd3 Rf6 58. Kd5 Kf8 59. Bc4 Rh6 60. Ke4 Rh3 61. Be6 Re3+ 
62. Kd5 d3 63. Rf7+ Ke8 64. Rb7 d2 65. Bg4 Rd3+ 66. Ke6 d1=Q 67. Bxd1 Rxd1 
68. Rb8+ Rd8 69. Rb7 Kf8 70. Rf7+ Kg8 71. Rb7 Rd1 72. Kf5 Re1 73. Kg6 Kf8 
74. Kf5 Ke8 
0-1

[Event "34th Chess Olympiad (women)"]
[Site "Istanbul"]
[Date "2000.11.04"]
[Round "7.25.1"]
[White "Shabanaj, Eglantina"]
[Black "Batceceg, Tuvshintogs"]
[WhiteElo "2176"]
[BlackElo "2237"]
[WhiteCountry "ALB"]
[BlackCountry "MGL"]
[Result "0-1"]

1. d4 Nf6 2. c4 c5 3. d5 b5 4. Nc3 b4 5. Nb1 g6 6. f3 d6 7. b3 Bg7 8. Bb2 O-O 
9. e4 a5 10. a4 bxa3 11. Nxa3 Qb6 12. Bd3 Qb4+ 13. Kf1 Nxd5 14. cxd5 Bxb2 
15. Nc2 Qxb3 16. Ne3 Qxd1+ 17. Rxd1 a4 18. Nc4 a3 19. Nxb2 axb2 20. Rb1 Ra1 
21. Ke2 Ba6 22. Rxb2 c4 
0-1

[Event "34th Chess Olympiad (women)"]
[Site "Istanbul"]
[Date "2000.11.04"]
[Round "7.25.2"]
[White "Mongontuul, Bathuyang"]
[Black "Cima, Rozana"]
[WhiteElo "2110"]
[BlackElo "2055"]
[WhiteCountry "MGL"]
[BlackCountry "ALB"]
[Result "1-0"]

1. e4 e5 2. d4 exd4 3. Qxd4 Nc6 4. Qe3 d6 5. Bd2 Nf6 6. Nc3 g6 7. O-O-O Bg7 
8. f4 Ng4 9. Qg3 Bd4 10. Be1 h5 11. Nge2 Bb6 12. Nd5 Be6 13. Nec3 Ne7 
14. Be2 Bxd5 15. Nxd5 Nxd5 16. exd5 Ne3 17. Bb5+ Kf8 18. Bc3 Nxd1 19. Bxh8 Kg8 
20. Rxd1 Kxh8 21. Qc3+ Kh7 22. Re1 Qh4 23. g3 Qxh2 24. Qf6 Rf8 25. f5 Qxg3 
26. fxg6+ fxg6 27. Re7+ Kh6 28. Qxf8+ Kg5 29. Qf1 h4 30. Bd3 
1-0

[Event "34th Chess Olympiad (women)"]
[Site "Istanbul"]
[Date "2000.11.04"]
[Round "7.25.3"]
[White "Shabanaj, Alda"]
[Black "Anhchimeg, Bayanmonh"]
[WhiteElo "2000"]
[BlackElo "2139"]
[WhiteCountry "ALB"]
[BlackCountry "MGL"]
[Result "0-1"]

1. d4 d5 2. c4 e6 3. Nf3 Nf6 4. g3 Be7 5. Bg2 O-O 6. O-O c6 7. Nc3 Nbd7 
8. b3 b6 9. Bb2 Ba6 10. cxd5 cxd5 11. Rc1 Rc8 12. Re1 b5 13. e3 Qa5 
14. Ne5 Nxe5 15. dxe5 Nd7 16. e4 b4 17. Na4 Rxc1 18. Qxc1 dxe4 19. Bxe4 Rc8 
20. Qd2 Bb5 21. Rc1 Rxc1+ 22. Qxc1 Bxa4 23. bxa4 Nc5 24. Qc2 Nxe4 25. Qxe4 Qxa4 
26. Bd4 a6 27. h4 g6 28. Qa8+ Kg7 29. Qa7 Bf8 30. Be3 Qxa2 31. g4 Qb1+ 
32. Kh2 Qe4 33. Bh6+ Kxh6 34. Qxf7 Qxg4 35. Qxf8+ Kh5 36. Qg7 h6 37. Qf7 Qf5 
0-1

[Event "34th Chess Olympiad (women)"]
[Site "Istanbul"]
[Date "2000.11.04"]
[Round "7.26.1"]
[White "Paasikangas-Tella, Johanna"]
[Black "Mahini, Mona"]
[WhiteElo "2301"]
[BlackElo "2018"]
[WhiteCountry "FIN"]
[BlackCountry "IRI"]
[Result "1-0"]

1. d4 Nf6 2. Nf3 g6 3. Bg5 Bg7 4. Nbd2 O-O 5. e4 d6 6. Bd3 c5 7. c3 Nbd7 
8. O-O a6 9. a4 b6 10. Qe2 e5 11. dxc5 dxc5 12. Rfd1 Qc7 13. h3 Bb7 14. Rac1 h6 
15. Bh4 g5 16. Bg3 Nh5 17. Nc4 Nf4 18. Qf1 f5 19. Bxf4 fxe4 20. Bg3 exf3 
21. Bc2 Rad8 22. Nd6 Ba8 23. Qc4+ Kh8 24. Nf7+ Rxf7 25. Qxf7 Bc6 26. Qf5 Kg8 
27. Rd2 Qb7 28. Rd6 e4 29. Qe6+ 
1-0

[Event "34th Chess Olympiad (women)"]
[Site "Istanbul"]
[Date "2000.11.04"]
[Round "7.26.2"]
[White "Pourkashiyan, Atousa"]
[Black "Rantanen, Tanja"]
[WhiteElo "2000"]
[BlackElo "2120"]
[WhiteCountry "IRI"]
[BlackCountry "FIN"]
[Result "0-1"]

1. e4 e5 2. Nf3 Nf6 3. Nxe5 d6 4. Nf3 Nxe4 5. Nc3 Nf6 6. d4 d5 7. Be2 Bd6 
8. O-O O-O 9. Bg5 c6 10. Ne5 h6 11. Bh4 Bf5 12. Kh1 Re8 13. f4 Be7 14. Bd3 Bxd3 
15. Qxd3 Nbd7 16. Rae1 Ne4 17. Bxe7 Qxe7 18. Nxd7 Nf2+ 19. Rxf2 Qxe1+ 
20. Rf1 Re3 21. Qd1 Qxd1 22. Nxd1 Re2 23. c3 f6 24. Nc5 b6 25. Nd3 Rae8 
26. f5 Rd2 27. Nf4 c5 28. Nxd5 cxd4 29. cxd4 Rxd4 30. N5c3 Re5 31. a3 Rf4 
32. Kg1 Rxf1+ 33. Kxf1 Rxf5+ 34. Ke2 Kf7 35. Ne3 Re5 36. Kf3 f5 37. Kf4 Ke6 
38. a4 g5+ 39. Kf3 Kf6 40. Nb5 Re4 41. b3 g4+ 42. Kf2 Kg5 43. Nc4 Re7 
44. Ncd6 f4 45. Nc4 h5 46. Nd4 h4 47. h3 Rd7 48. Nb5 gxh3 49. gxh3 Rd3 
50. Ncd6 Rxb3 51. Nxa7 Rxh3 52. Nab5 Rb3 53. Ne4+ Kg4 54. Nf6+ Kg5 55. Ne4+ Kg6 
56. Nbc3 h3 57. Kg1 Rb2 58. Nd1 Rg2+ 59. Kh1 f3 60. Ne3 Re2 61. Nf1 Rxe4 
62. Kh2 Re1 63. Ng3 f2 
0-1

[Event "34th Chess Olympiad (women)"]
[Site "Istanbul"]
[Date "2000.11.04"]
[Round "7.26.3"]
[White "Puuska, Heini"]
[Black "Khachatorian, Yarazik"]
[WhiteElo "2023"]
[BlackElo "2000"]
[WhiteCountry "FIN"]
[BlackCountry "IRI"]
[Result "0-1"]

1. d4 Nf6 2. Nf3 g6 3. Nc3 d5 4. Bf4 c6 5. e3 Bg7 6. Be2 Nbd7 7. Qd2 Nh5 
8. Bg5 h6 9. Bh4 g5 10. Ng1 Ndf6 11. Bg3 Nxg3 12. hxg3 Qc7 13. f4 Bg4 
14. Nf3 O-O-O 15. b4 Ne4 16. Nxe4 dxe4 17. Ne5 Be6 18. c4 Bxe5 19. fxe5 f6 
20. Qc2 Bf5 21. O-O Bg6 22. Qa4 Kb8 23. b5 fxe5 24. bxc6 exd4 25. Rab1 Be8 
26. c5 d3 27. Bg4 Bxc6 28. Qb4 Qxg3 29. Be6 Qxe3+ 30. Kh1 Qd4 31. Qa5 e3 
32. Rf7 Qe4 33. Bf5 Qxg2# 
0-1

[Event "34th Chess Olympiad (women)"]
[Site "Istanbul"]
[Date "2000.11.04"]
[Round "7.27.1"]
[White "Hamid, Rani"]
[Black "Tamin, Upi"]
[WhiteElo "2106"]
[BlackElo "2240"]
[WhiteCountry "BAN"]
[BlackCountry "INA"]
[Result "0-1"]

1. e4 c5 2. Nf3 d6 3. d4 cxd4 4. Nxd4 Nf6 5. Nc3 a6 6. Be2 e6 7. O-O Qc7 
8. Kh1 b5 9. a3 Bb7 10. Bf3 Nbd7 11. g3 h5 12. h4 Rc8 13. Re1 Ne5 14. Bg2 Neg4 
15. Kg1 Qb6 16. Re2 Rc4 17. Nb3 Be7 18. Qe1 O-O 19. Nd2 Rc7 20. Nf3 Rfc8 
21. Bf4 a5 22. Rd1 b4 23. axb4 axb4 24. Na4 Qa7 25. b3 Rxc2 26. Nd2 Ba6 
27. Be3 Qc7 28. Bb6 Qd7 29. Bd4 Bxe2 30. Qxe2 Rb8 31. Qd3 Rc7 32. Nc4 Qb5 
33. f4 d5 34. exd5 exd5 35. Ne5 Qxd3 36. Nxd3 Rc2 37. Ne1 Ra2 38. Nc5 Bxc5 
39. Bxc5 Rb2 40. Bd6 Rb6 41. Bc5 Rb5 42. Bd6 Rxb3 43. f5 Ne4 44. Bf4 Nxg3 
45. Bf3 Rxf3 
0-1

[Event "34th Chess Olympiad (women)"]
[Site "Istanbul"]
[Date "2000.11.04"]
[Round "7.27.2"]
[White "Zakiah, Al"]
[Black "Sultana, Zakia"]
[WhiteElo "2000"]
[BlackElo "2044"]
[WhiteCountry "INA"]
[BlackCountry "BAN"]
[Result "0-1"]

1. d4 Nf6 2. c4 g6 3. Nc3 Bg7 4. e4 d6 5. Bd3 O-O 6. Nge2 e5 7. d5 Nbd7 
8. Bg5 h6 9. Bh4 a6 10. O-O g5 11. Bg3 Nh5 12. Rc1 Nf4 13. Bb1 h5 14. f3 Qf6 
15. b4 h4 16. Bf2 Qg6 17. Kh1 Qh6 18. c5 Nf6 19. Qd2 N6h5 20. Rfd1 Bf6 
21. b5 axb5 22. Nxb5 Nxe2 23. Qxe2 Ng3+ 24. Bxg3 hxg3 25. h3 Bd8 26. Rd3 g4 
27. Rdc3 gxh3 28. Kg1 dxc5 29. Qe1 Kh8 30. Rxc5 Rg8 31. Qe2 Bg5 32. R1c3 hxg2 
33. Qxg2 Be3+ 
0-1

[Event "34th Chess Olympiad (women)"]
[Site "Istanbul"]
[Date "2000.11.04"]
[Round "7.27.3"]
[White "Khan, Nazrana"]
[Black "Lindiawati, Evi"]
[WhiteElo "2000"]
[BlackElo "2000"]
[WhiteCountry "BAN"]
[BlackCountry "INA"]
[Result "1/2-1/2"]

1. d4 Nf6 2. c4 e6 3. Nc3 Bb4 4. Qc2 c5 5. dxc5 Na6 6. a3 Bxc3+ 7. Qxc3 Nxc5 
8. Bg5 Nce4 9. Bxf6 Nxf6 10. Nf3 O-O 11. g3 b6 12. Bg2 Bb7 13. O-O d5 
14. cxd5 Bxd5 15. Rac1 Rc8 16. Qe3 Qe7 17. h3 h6 18. b4 Qb7 19. Rfd1 Rxc1 
20. Rxc1 Rc8 21. Ne1 Bxg2 22. Nxg2 Nd5 23. Qd2 b5 24. Nf4 Nb6 25. Ra1 Nc4 
26. Qa2 Rd8 27. Nd3 e5 28. a4 a6 29. axb5 axb5 30. Nc5 Qd5 31. Qb3 Nb6 
32. e4 Qxb3 33. Nxb3 Na4 34. Nc5 Nxc5 35. bxc5 Rc8 36. Rc1 Kf8 37. f4 f6 
38. Kf2 b4 39. Ke2 b3 40. f5 b2 41. Rb1 Rxc5 42. Rxb2 Rc4 43. Kf3 Rc3+ 
44. Kg4 Kg8 45. Rb4 Kh7 46. h4 h5+ 47. Kxh5 Rxg3 48. Rb8 Re3 49. Rb4 Rg3 
1/2-1/2

[Event "34th Chess Olympiad (women)"]
[Site "Istanbul"]
[Date "2000.11.04"]
[Round "7.28.1"]
[White "Caoili, Arianne"]
[Black "Lim, Jean Nie"]
[WhiteElo "2113"]
[BlackElo "2168"]
[WhiteCountry "PHI"]
[BlackCountry "MAS"]
[Result "1/2-1/2"]

1. d4 Nf6 2. Nf3 e6 3. c4 Bb4+ 4. Bd2 Bxd2+ 5. Qxd2 b6 6. Nc3 Bb7 7. g3 Ne4 
8. Nxe4 Bxe4 9. Bg2 O-O 10. O-O d5 11. Qf4 Nd7 12. cxd5 exd5 13. Rac1 c5 
14. Bh3 c4 15. Ng5 Nf6 16. Nxe4 Nxe4 17. Rfd1 Re8 18. Bg2 Qf6 
1/2-1/2

[Event "34th Chess Olympiad (women)"]
[Site "Istanbul"]
[Date "2000.11.04"]
[Round "7.28.2"]
[White "Lee, Samantha"]
[Black "Mendoza, Beverly"]
[WhiteElo "2000"]
[BlackElo "2098"]
[WhiteCountry "MAS"]
[BlackCountry "PHI"]
[Result "0-1"]

1. e4 e5 2. Nf3 Nc6 3. Bb5 Nf6 4. O-O Nxe4 5. Re1 Nd6 6. Bxc6 dxc6 7. Rxe5+ Be7 
8. d3 O-O 9. Re1 Bf6 10. Nbd2 Re8 11. Rxe8+ Qxe8 12. Qe1 Bf5 13. Nb3 Bg4 
14. Nbd2 Qxe1+ 15. Nxe1 Re8 16. Ndf3 c5 17. Kf1 h6 18. Rb1 g5 19. Be3 b6 
20. c3 Kg7 21. Rd1 Bf5 22. h3 Bd7 23. d4 Bb5+ 24. Kg1 Nf5 25. dxc5 Nxe3 
26. fxe3 Rxe3 27. Rd2 bxc5 28. Kf2 Re7 29. Nc2 Rd7 30. Ne3 Rxd2+ 31. Nxd2 Bd3 
32. Nec4 h5 33. Ke3 Bc2 34. Ne4 Be7 35. g4 Bb1 36. a3 Ba2 37. Ne5 Bd5 
38. Ng3 hxg4 39. hxg4 Bd6 40. Nf5+ Kf6 41. Nxd6 cxd6 42. Nd3 Be6 43. Kf3 Bc4 
44. Nf2 Ke5 45. Ke3 d5 46. Nd3+ Bxd3 47. Kxd3 c4+ 48. Ke3 f5 49. gxf5 Kxf5 
50. Kf3 g4+ 51. Kg3 Kg5 
0-1

[Event "34th Chess Olympiad (women)"]
[Site "Istanbul"]
[Date "2000.11.04"]
[Round "7.28.3"]
[White "Bernardo, Leah"]
[Black "Siti, Zulaikha"]
[WhiteElo "2000"]
[BlackElo "2000"]
[WhiteCountry "PHI"]
[BlackCountry "MAS"]
[Result "1-0"]

1. d4 Nf6 2. Bg5 g6 3. Bxf6 exf6 4. e3 Bg7 5. c4 O-O 6. Nc3 d6 7. g3 Re8 
8. Bg2 c6 9. Nge2 Qb6 10. Qd2 Bf5 11. O-O Na6 12. a3 Qb3 13. e4 Bc8 14. Qd3 f5 
15. Rfd1 fxe4 16. Bxe4 Bg4 17. f3 Bc8 18. g4 Rf8 19. g5 f5 20. gxf6 Rxf6 
21. Nd5 Qxd3 22. Nxf6+ Bxf6 23. Bxd3 Nc7 24. Rab1 d5 25. cxd5 Nxd5 26. Bc4 Bf5 
27. Bxd5+ cxd5 28. Rbc1 Re8 29. Kf2 Re7 30. Rc5 Rd7 31. Nf4 Bh4+ 32. Kg2 Bg5 
33. Nxd5 b6 34. Rc8+ Kg7 35. Rc7 Rxc7 36. Nxc7 Kf6 37. Nb5 a6 38. Nc7 Bc2 
39. Re1 Bd3 40. Nd5+ 
1-0